İçeriği atla
Inicio
Centros participantes
Catálogo
Servicios
Contacto
Giriş
English
Deutsch
Español
Français
Italiano
日本語
Nederlands
Português
Português (Brasil)
中文(简体)
中文(繁體)
Türkçe
עברית
Gaeilge
Cymraeg
Ελληνικά
Català
Euskara
Русский
Čeština
Suomi
Svenska
polski
Dansk
slovenščina
اللغة العربية
বাংলা
Galego
Tiếng Việt
Hrvatski
हिंदी
Հայերէն
Українська
Sámegiella
Dil
Tüm Alanlar
Materyal Adı
Yazar
Konu
Yer Numarası
ISBN/ISSN
Etiket
Ara
Gelişmiş
Honduras: desaparecidos, juici...
Alıntıla
E-posta Gönder
Yazdır
Kaydı İhraç Et
İhraç Et RefWorks
İhraç Et EndNoteWeb
İhraç Et EndNote
Favorilerime ekle
Kalıcı bağlantı
İlk derecelendirmeyi ekleyin
Honduras: desaparecidos, juicio y condena
Kaydedildi:
Detaylı Bibliyografya
Müşterek Yazar:
Asociación Centroamericana de Familiares de Detenidos Desaparecidos
Materyal Türü:
Metin
Baskı/Yayın Bilgisi:
San José:
ACADAFE
Etiketler:
Etiketle
Etiket eklenmemiş, İlk siz ekleyin!
Erişim Bilgileri
Diğer Bilgiler
Yorumlar
Benzer Materyaller
MARC Görünümü
MARC
LEADER
00000 a a2200000 04500
001
24794
003
040
090
|a
174700
110
|a
Asociación Centroamericana de Familiares de Detenidos Desaparecidos
245
|a
Honduras: desaparecidos, juicio y condena
260
|a
San José:
|b
ACADAFE
300
|a
286 p.
999
|c
9797
|d
9797
Benzer Materyaller
El Municipio de Honduras: de la autonomía a la servidumbre
Yazar:: Paz Aguilar, Ernesto
Las Bolsas de cereales y su influencia en las exportaciones de América Latina y el Caribe
El Desarrollo de las clases sociales y la industria en Costa Rica, 1880 - 1930
Yazar:: Ramírez Boza, Mario A.
La Universidad en la frontera del futuro
Yazar:: Buarque, Cristovam
How democracies perish
Yazar:: Revel, Jean Francois